Statistics for Science quiz

Click here to take the quiz!

General Stats

  • This quiz has been taken 51 times
  • The average score is 5 of 10

Answer Stats

QuestionAnswer% Correct
In what state of matter are particles the closest togetherSolid
70%
Glass is an infinite resourceFalse
66%
Humans are primarily solid as a state of matterFalse
51%
Does a plasma tv have gas and liquid instead of plasmaFalse
51%
Democritus figured out the existence of atoms with pieces of glass fitted into a hollowed out wood tube.False
47%
Water is impossible to compressFalse
40%
Cats are a liquid as they assume the shape of their containerTechnically
40%
BEC stands for...Bose Einstein Condensate
34%
The scientist who first theorised invisible particles wasTitus Lucretius Carus.
32%
The process of gas turning to solid is _______Deposition
23%

Score Distribution

Percentile by Number Answered

Percent of People with Each Score

Your Score History

You have not taken this quiz